[Event "Thessaloniki-Chalkidiki-chT B local"]
[Site "Thessaloniki"]
[Date "2019.03.24"]
[Round "9.1"]
[White "Tsikerdanos, Konstantinos"]
[Black "Tsinaris, Fotis"]
[Result "1/2-1/2"]
[WhiteElo "1882"]
[BlackElo "1923"]
[PlyCount "153"]
[EventDate "2019.01.13"]
[EventType "team-swiss"]
[EventRounds "9"]
[EventCountry "GRE"]
[SourceTitle "EXT 2020"]
[Source "ChessBase"]
[SourceDate "2019.10.17"]
[SourceVersion "1"]
[SourceVersionDate "2019.10.17"]
[SourceQuality "1"]

1. Nf3 Nf6 2. d4 e6 3. c4 Bb4+ 4. Bd2 Qe7 5. a3 Bxd2+ 6. Qxd2 d6 7. Qg5 0-0 8. e4 e5 9. Nc3 exd4 10. Nxd4 Re8 11. Bd3 Nc6 12. Nxc6 bxc6 13. 0-0 Nd7 14. Qxe7 Rxe7 15. f4 Bb7 16. b4 h6 17. Bc2 c5 18. Rad1 cxb4 19. axb4 a5 20. bxa5 Rxa5 21. Rfe1 g6 22. Nb5 Nb6 23. Bd3 Kg7 24. Rb1 Nc8 25. Rb2 d5 26. cxd5 Bxd5 27. e5 c6 28. Rc1 Rb7 29. Rcc2 cxb5 30. Rxc8 b4 31. Bc4 Bxc4 32. Rxc4 b3 33. Rc3 Ra1+ 34. Kf2 Ra2 35. Rxa2 bxa2 36. Ra3 Rb2+ 37. Kg3 Rb3+ 38. Rxb3 a1Q 39. h4 g5 40. hxg5 hxg5 41. Re3 Qd4 42. Rf3 gxf4+ 43. Rxf4 Qxe5 44. Kf3 Qd5+ 45. Kf2 f6 46. Rf3 Qd4+ 47. Kg3 Kg6 48. Kh2 f5 49. Kh1 Kg5 50. Kh2 Qh8+ 51. Kg1 Kg4 52. Rd3 Qa1+ 53. Kh2 Qf1 54. Rg3+ Kf4 55. Ra3 Qf2 56. Rh3 Kg5 57. Kh1 f4 58. Kh2 Qf1 59. Rc3 Kf5 60. Rh3 Ke4 61. Ra3 Qe1 62. Rh3 Qe3 63. Rh7 Qg3+ 64. Kh1 f3 65. gxf3+ Qxf3+ 66. Kh2 Qf4+ 67. Kg2 Qd2+ 68. Kh1 Qc1+ 69. Kg2 Qg5+ 70. Kh2 Kf3 71. Rf7+ Kg4 72. Rf2 Kh4 73. Kh1 Qc1+ 74. Kg2 Kg4 75. Kh2 Qe1 76. Kg2 Qe3 77. Kh1 1/2-1/2

[Event "Nea Moudania op 2nd"]
[Site "Nea Moudania"]
[Date "2016.08.22"]
[Round "1"]
[White "Tsinaris, Fotis"]
[Black "Ioannidis, Evgenios"]
[Result "0-1"]
[WhiteElo "1892"]
[BlackElo "2298"]
[PlyCount "68"]
[EventDate "2016.08.22"]
[EventType "swiss"]
[EventRounds "9"]
[EventCountry "GRE"]
[SourceTitle "CBM 174 Extra"]
[Source "ChessBase"]
[SourceDate "2016.10.10"]
[SourceVersion "1"]
[SourceVersionDate "2016.10.10"]
[SourceQuality "1"]

1. d4 d5 2. c4 c6 3. e3 Nf6 4. Nc3 e6 5. Nf3 Nbd7 6. Bd3 dxc4 7. Bxc4 b5 8. Bd3 Bb7 9. e4 b4 10. Na4 c5 11. e5 Nd5 12. Nxc5 Nxc5 13. dxc5 Bxc5 14. Bb5+ Ke7 15. 0-0 h6 16. Qe2 Qb6 17. Bd2 Rhd8 18. a3 Rac8 19. axb4 Nxb4 20. Bxb4 Bxb4 21. Ba6 Bxf3 22. Qxf3 Rc2 23. Qg3 Kf8 24. b3 Rdd2 25. Bc4 Rxf2 26. Rxf2 Rxf2 27. Kh1 Qd4 28. Rc1 Bc5 29. h3 Qd2 30. Rb1 h5 31. Bf1 a5 32. Qh4 g6 33. Qc4 Qe3 34. Rc1 Rc2 0-1

[Event "Chalkidiki op"]
[Site "Chalkidiki"]
[Date "2015.07.17"]
[Round "7"]
[White "Tsinaris, Fotis"]
[Black "Mihtis, Theodoros"]
[Result "1-0"]
[WhiteElo "1835"]
[BlackElo "1746"]
[PlyCount "74"]
[EventDate "2015.07.12"]
[EventType "swiss"]
[EventRounds "9"]
[EventCountry "GRE"]
[SourceTitle "EXT 2016"]
[Source "ChessBase"]
[SourceDate "2015.10.08"]
[SourceVersion "1"]
[SourceVersionDate "2015.10.08"]
[SourceQuality "1"]

1. d4 d5 2. Nf3 Nf6 3. Bf4 e6 4. e3 Be7 5. Nbd2 0-0 6. Bd3 c5 7. c3 b6 8. Ne5 Bb7 9. Qf3 Nfd7 10. Qh3 f5 11. g4 Nxe5 12. Bxe5 Bc8 13. gxf5 exf5 14. Qg3 Rf6 15. Bxf6 Bxf6 16. Nf3 Nc6 17. h4 Qe7 18. Kf1 Bd7 19. Qf4 Rf8 20. Ng5 Nd8 21. Rg1 h6 22. Nf3 Ne6 23. Qg3 f4 24. Qg6 Qd8 25. Qh7+ Kf7 26. Qg6+ Ke7 27. Re1 Kd6 28. e4 dxe4 29. Rxe4 cxd4 30. Nxd4 Nxd4 31. Rxd4+ Kc7 32. Rc4+ Kb8 33. a4 Bh3+ 34. Ke2 f3+ 35. Kd2 Be5 36. Kc2 Rf6 37. Qe4 Re6 1-0

[Event "Thessaloniki Triandria op 5th"]
[Site "Thessaloniki"]
[Date "2012.04.21"]
[Round "5"]
[White "Papadopoulos, Panayotis"]
[Black "Tsinaris, Fotis"]
[Result "1-0"]
[WhiteElo "1994"]
[BlackElo "1818"]
[PlyCount "80"]
[EventDate "2012.04.17"]
[EventType "swiss"]
[EventRounds "7"]
[EventCountry "GRE"]
[SourceTitle "EXT 2014"]
[Source "ChessBase"]
[SourceDate "2013.11.20"]
[SourceVersion "1"]
[SourceVersionDate "2013.11.20"]
[SourceQuality "1"]

1. d4 Nf6 2. Nf3 e6 3. Bf4 c5 4. e3 Qb6 5. Nc3 d5 6. a3 c4 7. Rb1 Bd7 8. Be2 Bd6 9. Bxd6 Qxd6 10. Ne5 b5 11. f4 a5 12. Bf3 b4 13. axb4 axb4 14. Ne2 Bb5 15. g4 Nfd7 16. g5 Nxe5 17. fxe5 Qe7 18. Rg1 g6 19. h4 h5 20. Kf2 Qb7 21. Nf4 Bc6 22. Kg3 Nd7 23. Qd2 Kd8 24. Rgf1 Kc7 25. Bg2 Rhd8 26. Ne2 Rf8 27. Rf4 Rae8 28. Rbf1 Re7 29. Kh2 Nb8 30. Ng3 Nd7 31. R1f2 b3 32. Qa5+ Qb6 33. Qa3 Kd8 34. c3 Qb7 35. e4 Nb6 36. Qd6+ Ke8 37. exd5 Nxd5 38. Ne4 Qc7 39. Nf6+ Nxf6 40. Bxc6+ Rd7 1-0